| 000 | 04569cam a22006374i 4500 | ||
|---|---|---|---|
| 003 | PE-LiUPU | ||
| 005 | 20250731175630.0 | ||
| 008 | 150623s1993 mx r 000 0 spa d | ||
| 035 | _a(Sirsi) a29424 | ||
| 040 |
_aPE-LiUPU _bspa _cPE-LiUPU _erda |
||
| 049 | _aPRUA | ||
| 082 | 0 | 4 |
_a465 _bA42 _221 |
| 100 | 1 |
_aAmado, Alonso, _eautor. |
|
| 245 | 1 | 0 |
_aGramatica Castellana / _cAlonso Amado. |
| 264 | 1 |
_aMéxico : _bCultura -Económica, _c1993. |
|
| 300 |
_a323 páginas ; _c20 centímetros |
||
| 336 |
_atext _2rdacontent |
||
| 337 |
_aunmediated _2rdamedia |
||
| 338 |
_avolume _2rdacarrier |
||
| 505 | 0 | _aLa agricultura moderna fuente enrgía -- El estudio del flujo de energía en la agricultura -- La formación del principio de podolinsky por eduard sacher -- El discurso del rudolf calusius sobre la sreservas energéticas en la naturaleza -- La crítica de patrick geddes a la ciencia ecónomica -- La capacidad sustentadora de al tierra segun pfaudler -- La ley de la aceleración del uso de energía de henry adams -- La crítica de soddy a la teoría del crecimiento económico -- La polémia entre lancelot hogben y hayek -- El individualismo metodológico de la teoría económica y la asiganción intergeneracional de recursos agotables -- La crítica crematística de max weber a wihelm ostwald -- Utopismo ecológico -- El marxismo y la economia ecológica -- Una utopiía anarquista y ecológica -- Epílogo político. | |
| 526 | _aP145 | ||
| 526 | _aP127 | ||
| 526 | _aP97 | ||
| 526 | _aP35 | ||
| 526 | _aP14 | ||
| 526 | _aP07 | ||
| 942 |
_2ddc _cBOOK |
||
| 949 |
_a465 A42 _wDEWEY _c1 _i23542 _lCCODEBUL1 _mBUL _p00.00 _r0 _sY _tBOOK _u2015-06-24 _xBIBLIOTECA _zUNKNOWN _0COMPRA _o.STAFF. Colección General |
||
| 949 |
_a465 A42 _wDEWEY _c2 _i15456 _lCCODEBUL1 _mBUL _p00.00 _r0 _sY _tBOOK _u2015-06-24 _xBIBLIOTECA _zUNKNOWN _0COMPRA _o.STAFF. Colección General |
||
| 949 |
_a465 A42 _wDEWEY _c3 _i23543 _lCCODEBUL1 _mBUL _p00.00 _r0 _sY _tBOOK _u2015-06-24 _xBIBLIOTECA _zUNKNOWN _0COMPRA _o.STAFF. Colección General |
||
| 949 |
_a465 A42 _wDEWEY _c4 _i15455 _lCCODEBUL1 _mBUL _p00.00 _r0 _sY _tBOOK _u2015-06-24 _xBIBLIOTECA _zUNKNOWN _0COMPRA _o.STAFF. Colección General |
||
| 949 |
_a465 A42 _wDEWEY _c5 _i07052 _lCCODEBUL1 _mBUL _p00.00 _r0 _sY _tBOOK _u2015-06-24 _xBIBLIOTECA _zUNKNOWN _0COMPRA _o.STAFF. Colección General |
||
| 949 |
_a465 A42 _wDEWEY _c6 _i15368 _lCCODEBUL1 _mBUL _p00.00 _r0 _sY _tBOOK _u2015-06-24 _xBIBLIOTECA _zUNKNOWN _0COMPRA _o.STAFF. Colección General |
||
| 949 |
_a465 A42 _wDEWEY _c7 _i05396 _lCCODEBUL1 _mBUL _p00.00 _r0 _sY _tBOOK _u2015-06-24 _xBIBLIOTECA _zUNKNOWN _0COMPRA _o.STAFF. Colección General |
||
| 949 |
_a465 A42 _wDEWEY _c8 _i07051 _lCCODEBUL1 _mBUL _p00.00 _r0 _sY _tBOOK _u2015-06-24 _xBIBLIOTECA _zUNKNOWN _0COMPRA _o.STAFF. Colección General |
||
| 949 |
_a465 A42 _wDEWEY _c9 _i15367 _lCCODEBUL1 _mBUL _p00.00 _r0 _sY _tBOOK _u2015-06-24 _xBIBLIOTECA _zUNKNOWN _0COMPRA _o.STAFF. Colección General |
||
| 596 | _a1 | ||
| 999 |
_a465 A42 _wDEWEY _c36779 _i23542 _f2019-12-10 _g5 _lDISCARD _mBUL _r1 _sY _tBOOK _u2015-6-24 _xEDUCACION _zUNKNOWN _0COMPRA _o.STAFF. Colección General _d36779 |
||
| 999 |
_a465 A42 _wDEWEY _c2 _i15456 _f2018-2-7 _g2 _lDISCARD _mBUL _r0 _sY _tBOOK _u2015-6-24 _xTEOLOGIA _zUNKNOWN _0COMPRA _o.STAFF. Colección General |
||
| 999 |
_a465 A42 _wDEWEY _c3 _i23543 _f2021-11-12 _g5 _lCCODEBUL1 _mBUL _r0 _sY _tBOOK _u2015-6-24 _xTEOLOGIA _zUNKNOWN _0COMPRA _o.STAFF. Colección General |
||
| 999 |
_a465 A42 _wDEWEY _c4 _i15455 _f2019-12-10 _g5 _lDISCARD _mBUL _r1 _sY _tBOOK _u2015-6-24 _xEDUCACION _zUNKNOWN _0COMPRA _o.STAFF. Colección General |
||
| 999 |
_a465 A42 _wDEWEY _c5 _i07052 _f2019-12-10 _g4 _lDISCARD _mBUL _r1 _sY _tBOOK _u2015-6-24 _xEDUCACION _zUNKNOWN _0COMPRA _o.STAFF. Colección General |
||
| 999 |
_a465 A42 _wDEWEY _c6 _i15368 _d2017-10-31 _e2017-10-30 _f2021-11-12 _g5 _lCCODEBUL1 _mBUL _n1 _p10.00 _r0 _sY _tBOOK _u2015-6-24 _xTEOLOGIA _PP35 _0COMPRA _o.STAFF. Colección Teología |
||
| 999 |
_a465 A42 _wDEWEY _c7 _i05396 _f2019-12-10 _g5 _lDISCARD _mBUL _r1 _sY _tBOOK _u2015-6-24 _xEDUCACION _zUNKNOWN _0COMPRA _o.STAFF. Colección General |
||
| 999 |
_a465 A42 _wDEWEY _c8 _i07051 _f2019-12-10 _g4 _lDISCARD _mBUL _r1 _sY _tBOOK _u2015-6-24 _xEDUCACION _zUNKNOWN _0COMPRA _o.STAFF. Colección General |
||
| 999 |
_a465 A42 _wDEWEY _c9 _i15367 _f2019-12-10 _g4 _lDISCARD _mBUL _r1 _sY _tBOOK _u2015-6-24 _xEDUCACION _zUNKNOWN _0COMPRA _o.STAFF. Colección General |
||
| 980 |
_81 _gALBERTO SANCHEZ Responsable de Automatización |
||